000 00609nam a22001697a 4500
003 OSt
005 20250906102558.0
008 230906b |||||||| |||| 00| 0 eng d
040 _aMMSU
_cULS
100 _aGalapon, Sabrina B.
245 _aDeterminants of place-making in La Virgen Milagrosa, Badoc, Ilocos Norte /
_cSabrina B. Galapon
260 _aCity of Batac :
_bMMSU,
_c2019
300 _axii, 101 leaves ;
_c28 cm.
500 _aThesis (AB Sociology) -- Mariano Marcos State University - College of Arts & Sciences, City of Batac, 2019.
504 _aBibliography: leaves 78-79
942 _2lcc
_cTHEDIS
999 _c20082
_d20082